Normal view
MARC view
- الاسلوب الأدبي-الانشاء الادبي-اللغة العربية-بلاغة
Entry Topical Term
001 - CONTROL NUMBER
- control field: 11535
003 - CONTROL NUMBER IDENTIFIER
- control field: JO-AjAnu
005 - DATE AND TIME OF LATEST TRANSACTION
- control field: 20230606072142.0
008 - FIXED-LENGTH DATA ELEMENTS
- fixed length control field: 230606|| aca||aabn | a|a d
040 ## - CATALOGING SOURCE
- Original cataloging agency: JO-AjAnu
- Transcribing agency: JO-AjAnu
150 ## - HEADING--TOPICAL TERM
- Topical term or geographic name entry element: الاسلوب الأدبي-الانشاء الادبي-اللغة العربية-بلاغة
670 ## - SOURCE DATA FOUND
- Source citation: Work cat.: (JO-AjAnu)5942: تأليف بن سهل العسكري، أبي هلال الحسن بن عبد الله؛ علق علية مفيد قميحة, author 11534, كتاب الصّناعتين الكتابة والشعر: الكتابة والشعر